LIBRARY & INFORMATION CENTRE, KCAET, TAVANUR

ONLINE PUBLIC ACCESS CATALOGUE (OPAC)

A study on soil nailing for various C-0/ soils in Tavanur area (Record no. 14998)

MARC details
000 -LEADER
fixed length control field 00688nam a22001817a 4500
003 - CONTROL NUMBER IDENTIFIER
control field OSt
088 ## - REPORT NUMBER
Report number P 231
100 ## - MAIN ENTRY--AUTHOR NAME
Personal name ANEESH K. V
-- JISNA C. M
-- RADHIKA DEVI V. U
-- RAGESH K. T
245 ## - TITLE STATEMENT
Title A study on soil nailing for various C-0/ soils in Tavanur area
260 ## - PUBLICATION, DISTRIBUTION, ETC. (IMPRINT)
Place of publication Tavanur 2011
Name of publisher Department of Irrigation and Drainage Engineering
300 ## - PHYSICAL DESCRIPTION
Number of Pages 50
500 ## - GENERAL NOTE
General note A study on soil nailing for various C-0/ soils in Tavanur area
520 ## - SUMMARY, ETC.
Summary, etc A study on soil nailing for various C-0/ soils in Tavanur area
700 ## - ADDED ENTRY--PERSONAL NAME
Personal name Er. Alexander Seth (Guide)
856 ## - ELECTRONIC LOCATION AND ACCESS
Uniform Resource Identifier https://drive.google.com/open?id=1AniD4lZMjGAKxpkd7ZxqWb__yOPMHoDI
942 ## - ADDED ENTRY ELEMENTS (KOHA)
Koha item type Project Report
Holdings
Collection code Home library Current library Shelving location Full call number Accession Number Koha item type
Reference KAUAET KAUAET Reference 631.587 ANE/A P 231 Project Report
free website counter